000 00348nam a2200109Ia 4500
008 200302s9999 xx 000 0 und d
100 _aFrancis D. K. Ching & Other
245 _aBuilding Codes IllUstrated A Guide to Understanding the 2009 International Building Code 3rd ed.,
260 _bJohn Wiley & Sons Inc.
260 _c2009
300 _a418 P.,
999 _c3238
_d3238